| 000 | 00487cam a2200157 4500500 | ||
|---|---|---|---|
| 005 | 20251228065857.0 | ||
| 041 | _afre | ||
| 042 | _adc | ||
| 100 | 1 | 0 |
_ad’Ans, André-Marcel _eauthor |
| 245 | 0 | 0 | _aComptes rendus |
| 260 | _c2006. | ||
| 500 | _a38 | ||
| 520 | _aRésumé Vide | ||
| 786 | 0 | _nL'Homme & la Société | 158 | 4 | 2006-11-01 | p. 233-256 | 0018-4306 | |
| 856 | 4 | 1 | _uhttps://shs.cairn.info/revue-l-homme-et-la-societe-2005-4-page-233?lang=fr&redirect-ssocas=7080 |
| 999 |
_c1592191 _d1592191 |
||